书目信息 |
| 题名: |
人生之路
|
|
| 作者: | 过世杰 编 | |
| 分册: | ||
| 出版信息: | 乌鲁木齐 新疆青少年出版社 2005 |
|
| 页数: | 10,424页 | |
| 开本: | 20cm | |
| 丛书名: | 人生丛书 | |
| 单 册: | ||
| 中图分类: | H033 , K812 | |
| 科图分类: | ||
| 主题词: | 座右铭--世界--汇编 , 名人--生平事迹--世界 , 座右铭 , 名人 | |
| 电子资源: | ||
| ISBN: | 7-5371-3130-9 | |
| 000 | 01082oam2 2200325 45 | |
| 001 | 0120050112260 | |
| 005 | 20070709083604.43 | |
| 010 | @a7-5371-3130-9@dCNY35.00 | |
| 092 | @aCN@b97806 | |
| 100 | @a20051122d2005 em y0chiy0121 ea | |
| 101 | 0 | @achi |
| 102 | @aCN@b650000 | |
| 105 | @ay z 000yd | |
| 200 | 1 | @a人生之路@Aren sheng zhi lu@e中外名人座右铭风采@Ezhong wai ming ren zuo you ming feng cai@f过世杰编@Fguo shi jie bian |
| 205 | @a修订版 | |
| 210 | @a乌鲁木齐@c新疆青少年出版社@d2005 | |
| 215 | @a10,424页@d20cm | |
| 225 | 2 | @a人生丛书 |
| 330 | @a本书收入李世民、岳飞、徐特立等政治家、军事家、科学家、教育家、艺术家、文学家等近400位名人的座右铭,并按人物出生年份先后顺序进行了简单的介绍。 | |
| 461 | 0 | @12001 @a人生丛书 |
| 517 | 1 | @a中外名人座右铭风采@Azhong wai ming ren zuo you ming feng cai |
| 606 | 0 | @a座右铭@y世界@j汇编 |
| 606 | 0 | @a名人@x生平事迹@y世界 |
| 606 | 0 | @a座右铭 |
| 606 | 0 | @a名人 |
| 690 | @aH033@v4 | |
| 690 | @aK812@v4 | |
| 701 | 0 | @a过世杰@Aguo shi jie@4编 |
| 801 | 0 | @aCN@bLZJBOOK@c20070709 |
| 905 | @a10447@dH033@e66=2 | |
| 人生之路:中外名人座右铭风采/过世杰编.-修订版.-乌鲁木齐:新疆青少年出版社,2005 |
| 10,424页;20cm.-(人生丛书) |
| ISBN 7-5371-3130-9:CNY35.00 |
| 本书收入李世民、岳飞、徐特立等政治家、军事家、科学家、教育家、艺术家、文学家等近400位名人的座右铭,并按人物出生年份先后顺序进行了简单的介绍。 |
| ● |
| 相关链接 |
|
|
|
|
正题名:人生之路
索取号:H033/66=2
 
预约/预借
| 序号 | 登录号 | 条形码 | 馆藏地/架位号 | 状态 | 备注 |
| 1 | 0553457 | 205534572 | 第二样本阅览室/ [索取号:H033/66=2] | 在馆 | |
| 2 | 0553458 | 205534581 | 第四借阅区/ [索取号:H033/66=2] | 在馆 | |
| 3 | 0553459 | 205534590 | 第四借阅区/ [索取号:H033/66=2] | 在馆 | |
| 4 | 0553460 | 205534607 | 第四借阅区/ [索取号:H033/66=2] | 在馆 | |
| 5 | 0553461 | 205534616 | 第四借阅区/ [索取号:H033/66=2] | 在馆 | |
| 6 | 0553462 | 205534625 | 第四借阅区/ [索取号:H033/66=2] | 在馆 | |
| 7 | 0553463 | 205534634 | 第四借阅区/ [索取号:H033/66=2] | 在馆 | |
| 8 | 0553464 | 205534643 | 第四借阅区/ [索取号:H033/66=2] | 在馆 |